000 00580nam a2200181 i 4500
001 87696
003 ES-MaACL
007 t|
008 041223s1920 fr ||||1| fre d
100 1 _aLabriolle, Pierre de.
_969294
245 1 0 _aHistoire de la littérature latine chrétienne /
_cpar Pierre de Labriolle.
260 _aParis :
_bLes Belles Lettres,
_c1920 (
_eLiguge :
_fE. Aubin)
300 _aVIII, 742 p. ;
_c23 cm.
490 1 _aCollection d'etudes anciennes
830 0 _aCollection d'etudes anciennes
_9181839
852 _aES-MaACL
_jB-1555
999 _c87696
_d87696